[Vybrané oblasti poisťovníctva a konkurencieschopnosti komerčných poisťovní]

Recenzia na monografiu, ktorej originálnym prínosom je hodnotenie konkurenieschopnosti komerčných poisťovní, tak zo strany ponuky ako aj zo strany dopytu po poistnej ochrane.

Salvato in:
Dettagli Bibliografici
Autore principale: Pukala, Ryszard
Altri autori: Kafková, Eva
Natura: Capitolo di libro
Lingua:slovacco
Soggetti:
Tags: Aggiungi Tag
Nessun Tag, puoi essere il primo ad aggiungerne!!

MARC

LEADER 00000naa a2200000 4500
001 0181453
005 20231204120135.3
041 0 |a slo 
044 |a SK 
245 1 0 |a [Vybrané oblasti poisťovníctva a konkurencieschopnosti komerčných poisťovní]  |c Ryszard Pukala, Eva Kafková 
520 |a Recenzia na monografiu, ktorej originálnym prínosom je hodnotenie konkurenieschopnosti komerčných poisťovní, tak zo strany ponuky ako aj zo strany dopytu po poistnej ochrane. 
610 2 0 |a recenzie 
610 2 0 |a poisťovne komerčné 
610 2 0 |a konkurencieschopnosť 
610 2 0 |a riziko poistné 
100 1 |a Pukala, Ryszard 
700 1 |a Kafková, Eva